Normal view
MARC view
- Robert J. Gordon
Entry Personal Name
001 - CONTROL NUMBER
- control field: 3048
003 - CONTROL NUMBER IDENTIFIER
- control field: OSt
005 - DATE AND TIME OF LATEST TRANSACTION
- control field: 20200304160804.0
008 - FIXED-LENGTH DATA ELEMENTS
- fixed length control field: 200304|| aca||aabn | a|a d
040 ## - CATALOGING SOURCE
- Original cataloging agency: OSt
- Transcribing agency: OSt
100 ## - HEADING--PERSONAL NAME
- Personal name: Robert J. Gordon
670 ## - SOURCE DATA FOUND
- Source citation: Work cat.: (OSt)1033: Robert J. Gordon, Macroeconomics, c1990
